000 00285nam a22001217a 4500
008 190201b xxu||||| |||| 00| 0 eng d
041 _aeng
080 _a159.9
100 _a49
101 _aPSI
245 _aDictionary of Behavior Therapy Techniques
_cBellack, A.S
942 _2udc
_cBK
999 _c53901
_d53901